Monarchs of England with Regnal Dates - Statistics

General Stats
  • This quiz has been taken 297 times
    170 since last reset
  • The average score is 51 of 88
Answer Stats
Dynasty Monarch % Correct
House of Normandy William I
95%
House of Tudor Elizabeth I
80%
House of Normandy Henry I
80%
House of Lancaster Henry V
80%
House of Anjou Henry II
79%
House of Lancaster Henry VI
79%
House of Lancaster (restored) Henry VI
79%
House of Tudor Henry VII
79%
House of Tudor Henry VIII
79%
House of Normandy William II
79%
House of Plantagenet Henry III
77%
House of Stuart Charles I
75%
House of Tudor Mary I
75%
House of Anjou Richard I
75%
House of Stuart Charles II
73%
House of Plantagenet Edward I
73%
House of Plantagenet Edward II
73%
House of Plantagenet Edward III
73%
House of Lancaster Henry IV
73%
House of York Edward V
72%
House of Tudor Edward VI
72%
House of Plantagenet Richard II
72%
House of Stuart James I
71%
House of Anjou John
71%
House of York Edward IV
69%
House of York (restored) Edward IV
69%
House of York Richard III
69%
House of Normandy Stephen
69%
House of Hanover George I
67%
House of Hanover George II
67%
House of Stuart James II
67%
reigned 1066-1087
65%
House of Hanover George III
64%
House of Stuart (female joint monarch) Mary II
64%
House of Stuart Anne
63%
House of Windsor Elizabeth II
63%
House of Hanover George IV
63%
House of Stuart (male joint monarch) William III
63%
House of Hanover Victoria
60%
House of Windsor Charles III
59%
House of Saxe-Coburg & Gotha Edward VII
59%
House of Windsor George V
59%
House of Windsor George VI
59%
House of Hanover William IV
59%
reigned 1087-1100
57%
reigned 1553-1558
57%
reigned 1558-1603
57%
reigned 1547-1553
56%
House of Windsor Edward VIII
56%
reigned 1189-1199
55%
reigned 1199-1216
55%
reigned 1603-1625
55%
reigned 1154-1189
52%
reigned 1509-1547
52%
reigned 1485-1509
51%
reigned 1100-1135
49%
reigned 1135-1154
49%
reigned 1216-1272
49%
reigned 1483
49%
reigned 1483-1485
49%
reigned 1936
49%
reigned 1625-1649
48%
reigned 1837-1901
48%
reigned 1901-1910
48%
reigned 1952-2022
47%
reigned 1272-1307
45%
reigned 1936-1952
45%
reigned 1307-1327
44%
reigned 1910-1936
44%
reigned 1327-1377
43%
reigned 1377-1399
40%
reigned 1413-1422
40%
reigned 1422-1461
40%
reigned 1399-1413
39%
reigned 1471-1483
39%
reigned 1830-1837
39%
reigned 1461-1470
37%
reigned 1470-1471
37%
reigned 1702-1714
37%
reigned 1760-1820
37%
reigned 1820-1830
37%
reigned 2022-present
37%
reigned 1714-1727
36%
reigned 1727-1760
35%
reigned 1685-1688
33%
reigned 1649-1685
32%
reigned 1689-1702
29%
reigned 1689-1694
28%
No matching quizzes found
Score Distribution
Percent of People with Each Score
Percentile by Number Answered
Your Score History
You have not taken this quiz since the last reset